[Event "Irena Warakomska Memorial B"]
[Site "Suwalki"]
[Date "2020.08.12"]
[Round "8"]
[White "Wisniewski, Wiktor"]
[Black "Jasiulewicz, Dawid"]
[Result "1-0"]
[Board "18"]
[WhiteElo "1075"]
[WhiteCountry "POL"]
[WhiteFideId "1196294"]
[WhiteEloChange "17"]
[BlackElo "1379"]
[BlackCountry "POL"]
[BlackFideId "21881375"]
[BlackEloChange "-17"]

1. b3 {[%clk 1:30:30]} d5 {[%clk 1:30:30]} 2. Bb2 {[%clk 1:30:30]} c5 {[%clk
1:30:30]} 3. e3 {[%clk 1:30:30]} Nf6 {[%clk 1:30:30]} 4. f4 {[%clk 1:30:30]} Nbd7
{[%clk 1:30:30]} 5. Nf3 {[%clk 1:30:30]} e6 {[%clk 1:30:30]} 6. Bb5 {[%clk
1:30:30]} a6 {[%clk 1:30:30]} 7. Bxd7+ {[%clk 1:30:30]} Bxd7 {[%clk 1:30:30]} 8.
d4 {[%clk 1:30:30]} Rc8 {[%clk 1:30:30]} 9. Ne5 {[%clk 1:30:30]} b5 {[%clk
1:30:30]} 10. c4 {[%clk 1:30:30]} cxd4 {[%clk 1:30:30]} 11. exd4 {[%clk 1:30:30]}
bxc4 {[%clk 1:30:30]} 12. bxc4 {[%clk 1:30:30]} dxc4 {[%clk 1:30:30]} 13. Nc3
{[%clk 1:30:30]} Bb4 {[%clk 1:30:30]} 14. O-O {[%clk 1:30:30]} Nd5 {[%clk
1:30:30]} 15. Rf3 {[%clk 1:30:30]} f6 {[%clk 1:30:30]} 16. Nxd5 {[%clk 1:30:30]}
exd5 {[%clk 1:30:30]} 17. Nxd7 {[%clk 1:30:30]} Qxd7 {[%clk 1:30:30]} 18. Bc3
{[%clk 1:30:30]} Bd6 {[%clk 1:30:30]} 19. Re3+ {[%clk 1:30:30]} Kf7 {[%clk
1:30:30]} 20. Qh5+ {[%clk 1:30:30]} g6 {[%clk 1:30:30]} 21. Qxd5+ {[%clk
1:30:30]} Kg7 {[%clk 1:30:30]} 22. Rae1 {[%clk 1:30:30]} Qc6 {[%clk 1:30:30]} 23.
Qxc6 {[%clk 1:30:30]} Rxc6 {[%clk 1:30:30]} 24. Re6 {[%clk 1:30:30]} Rhc8 {[%clk
1:30:30]} 25. d5 {[%clk 1:30:30]} Rb6 {[%clk 1:30:30]} 26. Bd4 {[%clk 1:30:30]}
Rcb8 {[%clk 1:30:30]} 27. Bxb6 {[%clk 1:30:30]} Rxb6 {[%clk 1:30:30]} 28. Kf1
{[%clk 1:30:30]} Kf7 {[%clk 1:30:30]} 29. Rc1 {[%clk 1:30:30]} Bxf4 {[%clk
1:30:30]} 30. Rxb6 {[%clk 1:30:30]} Bxc1 {[%clk 1:30:30]} 31. Rc6 {[%clk
1:30:30]} Ke7 {[%clk 1:30:30]} 32. Rxc4 {[%clk 1:30:30]} Bd2 {[%clk 1:30:30]} 33.
Ke2 {[%clk 1:30:30]} Bg5 {[%clk 1:30:30]} 34. h4 {[%clk 1:30:30]} Bh6 {[%clk
1:30:30]} 35. Rc7+ {[%clk 1:30:30]} Kd6 {[%clk 1:30:30]} 36. Rxh7 {[%clk
1:30:30]} Bf4 {[%clk 1:30:30]} 37. Rg7 {[%clk 1:30:30]} g5 {[%clk 1:30:30]} 38.
hxg5 {[%clk 1:30:30]} fxg5 {[%clk 1:30:30]} 39. Rg6+ {[%clk 1:30:30]} Kxd5 {[%clk
1:30:30]} 40. Rxa6 {[%clk 1:30:30]} Kc4 {[%clk 1:30:30]} 41. Ra4+ {[%clk
1:30:30]} Kb5 {[%clk 1:30:30]} 42. Rxf4 {[%clk 1:30:30]} gxf4 {[%clk 1:30:30]}
43. Kf3 {[%clk 1:30:30]} Ka4 {[%clk 1:30:30]} 44. Kxf4 {[%clk 1:30:30]} Ka3
{[%clk 1:30:30]} 45. g4 {[%clk 1:30:30]} Kxa2 {[%clk 1:30:30]} 46. g5 {[%clk
1:30:30]} Kb3 {[%clk 1:30:30]} 47. g6 {[%clk 1:30:30]} Kc3 {[%clk 1:30:30]} 48.
g7 {[%clk 1:30:30]} Kd2 {[%clk 1:30:30]} 49. g8=Q {[%clk 1:30:30]} Kd3 {[%clk
1:30:30]} 50. Qb3+ {[%clk 1:30:30]} Kd4 {[%clk 1:30:30]} 51. Qb5 {[%clk 1:30:30]}
Kc3 {[%clk 1:30:30]} 52. Ke3 {[%clk 1:30:30]} Kc2 {[%clk 1:30:30]} 53. Qb4 {[%clk
1:30:30]} Kc1 {[%clk 1:30:30]} 54. Kd3 {[%clk 1:30:30]} Kd1 {[%clk 1:30:30]} 55.
Qd2# {[%clk 1:30:30]} 1-0

[Event "Irena Warakomska Memorial B"]
[Site "Suwalki"]
[Date "2020.08.12"]
[Round "8"]
[White "Wydornik, Robert"]
[Black "Borowik, Grzegorz"]
[Result "1-0"]
[Board "19"]
[WhiteElo "1357"]
[WhiteCountry "POL"]
[WhiteFideId "1140256"]
[WhiteEloChange "4"]
[BlackElo "1089"]
[BlackCountry "POL"]
[BlackFideId "21846413"]
[BlackEloChange "-4"]

1. e4 {[%clk 1:30:30]} c5 {[%clk 1:30:30]} 2. Nf3 {[%clk 1:30:30]} g6 {[%clk
1:30:30]} 3. d4 {[%clk 1:30:30]} cxd4 {[%clk 1:30:30]} 4. Nxd4 {[%clk 1:30:30]}
Nf6 {[%clk 1:30:30]} 5. Nc3 {[%clk 1:30:30]} Nc6 {[%clk 1:30:30]} 6. Be3 {[%clk
1:30:30]} d6 {[%clk 1:30:30]} 7. f3 {[%clk 1:30:30]} Bg7 {[%clk 1:30:30]} 8. Qd2
{[%clk 1:30:30]} O-O {[%clk 1:30:30]} 9. O-O-O {[%clk 1:30:30]} a6 {[%clk
1:30:30]} 10. Nxc6 {[%clk 1:30:30]} bxc6 {[%clk 1:30:30]} 11. e5 {[%clk 1:30:30]}
Nd5 {[%clk 1:30:30]} 12. Nxd5 {[%clk 1:30:30]} cxd5 {[%clk 1:30:30]} 13. exd6
{[%clk 1:30:30]} Be6 {[%clk 1:30:30]} 14. dxe7 {[%clk 1:30:30]} Qxe7 {[%clk
1:30:30]} 15. Bd4 {[%clk 1:30:30]} f6 {[%clk 1:30:30]} 16. h4 {[%clk 1:30:30]}
Rfc8 {[%clk 1:30:30]} 17. Bd3 {[%clk 1:30:30]} Rc6 {[%clk 1:30:30]} 18. h5 {[%clk
1:30:30]} g5 {[%clk 1:30:30]} 19. Rhe1 {[%clk 1:30:30]} Qd7 {[%clk 1:30:30]} 20.
Kb1 {[%clk 1:30:30]} Rb8 {[%clk 1:30:30]} 21. f4 {[%clk 1:30:30]} f5 {[%clk
1:30:30]} 22. Bxg7 {[%clk 1:30:30]} Qxg7 {[%clk 1:30:30]} 23. Re5 {[%clk
1:30:30]} d4 {[%clk 1:30:30]} 24. Rde1 {[%clk 1:30:30]} Qf7 {[%clk 1:30:30]} 25.
b3 {[%clk 1:30:30]} g4 {[%clk 1:30:30]} 26. Ka1 {[%clk 1:30:30]} Rbc8 {[%clk
1:30:30]} 27. Qa5 {[%clk 1:30:30]} Qd7 {[%clk 1:30:30]} 28. h6 {[%clk 1:30:30]}
Kf8 {[%clk 1:30:30]} 29. Bxf5 {[%clk 1:30:30]} Bxf5 {[%clk 1:30:30]} 30. Rxf5+
{[%clk 1:30:30]} Kg8 {[%clk 1:30:30]} 31. Rg5+ {[%clk 1:30:30]} Rg6 {[%clk
1:30:30]} 32. Rxg6+ {[%clk 1:30:30]} hxg6 {[%clk 1:30:30]} 33. Qxa6 {[%clk
1:30:30]} Rc6 {[%clk 1:30:30]} 34. Qd3 {[%clk 1:30:30]} Qd5 {[%clk 1:30:30]} 35.
Qe2 {[%clk 1:30:30]} Qf7 {[%clk 1:30:30]} 36. Qe4 {[%clk 1:30:30]} d3 {[%clk
1:30:30]} 37. Qxc6 {[%clk 1:30:30]} d2 {[%clk 1:30:30]} 38. Qe8+ {[%clk 1:30:30]}
Qxe8 {[%clk 1:30:30]} 39. Rxe8+ {[%clk 1:30:30]} Kh7 {[%clk 1:30:30]} 40. Rd8
{[%clk 1:30:30]} 1-0

[Event "Irena Warakomska Memorial B"]
[Site "Suwalki"]
[Date "2020.08.12"]
[Round "8"]
[White "Jaszczuk, Piotr"]
[Black "Towarnicka, Izabela"]
[Result "1/2-1/2"]
[Board "20"]
[WhiteElo "1283"]
[WhiteCountry "POL"]
[WhiteFideId "21890668"]
[WhiteEloChange "3"]
[BlackElo "1397"]
[BlackCountry "POL"]
[BlackFideId "21033170"]
[BlackEloChange "-3"]

1. e4 {[%clk 1:30:30]} e5 {[%clk 1:30:30]} 2. Nf3 {[%clk 1:30:30]} Nf6 {[%clk
1:30:30]} 3. Nxe5 {[%clk 1:30:30]} d6 {[%clk 1:30:30]} 4. Nf3 {[%clk 1:30:30]}
Nxe4 {[%clk 1:30:30]} 5. d4 {[%clk 1:30:30]} Be7 {[%clk 1:30:30]} 6. Bd3 {[%clk
1:30:30]} Nf6 {[%clk 1:30:30]} 7. O-O {[%clk 1:30:30]} O-O {[%clk 1:30:30]} 8. c4
{[%clk 1:30:30]} Bg4 {[%clk 1:30:30]} 9. Nc3 {[%clk 1:30:30]} c6 {[%clk 1:30:30]}
10. Be3 {[%clk 1:30:30]} Nbd7 {[%clk 1:30:30]} 11. Rc1 {[%clk 1:30:30]} Re8
{[%clk 1:30:30]} 12. Bg5 {[%clk 1:30:30]} d5 {[%clk 1:30:30]} 13. c5 {[%clk
1:30:30]} h6 {[%clk 1:30:30]} 14. Bh4 {[%clk 1:30:30]} Ne4 {[%clk 1:30:30]} 15.
Bxe7 {[%clk 1:30:30]} Rxe7 {[%clk 1:30:30]} 16. Be2 {[%clk 1:30:30]} Qc7 {[%clk
1:30:30]} 17. h3 {[%clk 1:30:30]} Bh5 {[%clk 1:30:30]} 18. Nh4 {[%clk 1:30:30]}
Bxe2 {[%clk 1:30:30]} 19. Qxe2 {[%clk 1:30:30]} Rae8 {[%clk 1:30:30]} 20. Nf5
{[%clk 1:30:30]} Re6 {[%clk 1:30:30]} 21. Nxe4 {[%clk 1:30:30]} Rxe4 {[%clk
1:30:30]} 22. Qf3 {[%clk 1:30:30]} R8e6 {[%clk 1:30:30]} 23. Nd6 {[%clk 1:30:30]}
Rf6 {[%clk 1:30:30]} 24. Qb3 {[%clk 1:30:30]} Ree6 {[%clk 1:30:30]} 25. Qxb7
{[%clk 1:30:30]} Qxb7 {[%clk 1:30:30]} 26. Nxb7 {[%clk 1:30:30]} Rf4 {[%clk
1:30:30]} 27. Rcd1 {[%clk 1:30:30]} Re2 {[%clk 1:30:30]} 28. Na5 {[%clk 1:30:30]}
Nb8 {[%clk 1:30:30]} 29. Rde1 {[%clk 1:30:30]} Rfe4 {[%clk 1:30:30]} 30. Rxe2
{[%clk 1:30:30]} Rxe2 {[%clk 1:30:30]} 31. Rb1 {[%clk 1:30:30]} Kf8 {[%clk
1:30:30]} 32. Kf1 {[%clk 1:30:30]} Re6 {[%clk 1:30:30]} 33. Re1 {[%clk 1:30:30]}
Ke7 {[%clk 1:30:30]} 34. Rxe6+ {[%clk 1:30:30]} Kxe6 {[%clk 1:30:30]} 35. b4
{[%clk 1:30:30]} a6 {[%clk 1:30:30]} 36. Ke2 {[%clk 1:30:30]} f6 {[%clk 1:30:30]}
37. Ke3 {[%clk 1:30:30]} g5 {[%clk 1:30:30]} 38. g4 {[%clk 1:30:30]} f5 {[%clk
1:30:30]} 39. gxf5+ {[%clk 1:30:30]} Kxf5 {[%clk 1:30:30]} 40. a4 {[%clk
1:30:30]} h5 {[%clk 1:30:30]} 41. f3 {[%clk 1:30:30]} g4 {[%clk 1:30:30]} 42.
hxg4+ {[%clk 1:30:30]} hxg4 {[%clk 1:30:30]} 43. fxg4+ {[%clk 1:30:30]} Kxg4
{[%clk 1:30:30]} 44. b5 {[%clk 1:30:30]} axb5 {[%clk 1:30:30]} 45. axb5 {[%clk
1:30:30]} cxb5 {[%clk 1:30:30]} 46. c6 {[%clk 1:30:30]} Na6 {[%clk 1:30:30]} 47.
Nb3 {[%clk 1:30:30]} Kf5 {[%clk 1:30:30]} 48. Nc5 {[%clk 1:30:30]} Nc7 {[%clk
1:30:30]} 49. Kf3 {[%clk 1:30:30]} b4 {[%clk 1:30:30]} 50. Ke3 {[%clk 1:30:30]}
Kf6 {[%clk 1:30:30]} 51. Kd3 {[%clk 1:30:30]} Nb5 {[%clk 1:30:30]} 52. Na6 {[%clk
1:30:30]} b3 {[%clk 1:30:30]} 53. c7 {[%clk 1:30:30]} Nd6 {[%clk 1:30:30]} 54.
Kc3 {[%clk 1:30:30]} Ke6 {[%clk 1:30:30]} 55. Kxb3 {[%clk 1:30:30]} Kd7 {[%clk
1:30:30]} 56. Kb4 {[%clk 1:30:30]} Kc6 {[%clk 1:30:30]} 57. Ka4 {[%clk 1:30:30]}
Kb7 {[%clk 1:30:30]} 58. Ka5 {[%clk 1:30:30]} Kc6 {[%clk 1:30:30]} 59. Kb4 {[%clk
1:30:30]} Kb6 {[%clk 1:30:30]} 60. Nb8 {[%clk 1:30:30]} Kxc7 {[%clk 1:30:30]} 61.
Kc5 {[%clk 1:30:30]} Nb7+ {[%clk 1:30:30]} 62. Kxd5 {[%clk 1:30:30]} 1/2-1/2

[Event "Irena Warakomska Memorial B"]
[Site "Suwalki"]
[Date "2020.08.12"]
[Round "8"]
[White "Walendykiewicz, Martyna"]
[Black "Kopaczewski, Zbigniew"]
[Result "0-1"]
[Board "21"]
[WhiteElo "1181"]
[WhiteCountry "POL"]
[WhiteFideId "21832927"]
[WhiteEloChange "-3"]
[BlackElo "1464"]
[BlackCountry "POL"]
[BlackFideId "1154974"]
[BlackEloChange "3"]

1. e4 {[%clk 1:30:30]} e6 {[%clk 1:30:30]} 2. d4 {[%clk 1:30:30]} d5 {[%clk
1:30:30]} 3. Nc3 {[%clk 1:30:30]} Bb4 {[%clk 1:30:30]} 4. Bd3 {[%clk 1:30:30]}
dxe4 {[%clk 1:30:30]} 5. Bxe4 {[%clk 1:30:30]} Nf6 {[%clk 1:30:30]} 6. Bf3 {[%clk
1:30:30]} c6 {[%clk 1:30:30]} 7. Bg5 {[%clk 1:30:30]} Nbd7 {[%clk 1:30:30]} 8.
Ne2 {[%clk 1:30:30]} Qc7 {[%clk 1:30:30]} 9. a3 {[%clk 1:30:30]} Bd6 {[%clk
1:30:30]} 10. Qd2 {[%clk 1:30:30]} b5 {[%clk 1:30:30]} 11. Bf4 {[%clk 1:30:30]}
Rb8 {[%clk 1:30:30]} 12. b4 {[%clk 1:30:30]} Nd5 {[%clk 1:30:30]} 13. Nxd5 {[%clk
1:30:30]} cxd5 {[%clk 1:30:30]} 14. Bxd6 {[%clk 1:30:30]} Qxd6 {[%clk 1:30:30]}
15. O-O {[%clk 1:30:30]} O-O {[%clk 1:30:30]} 16. Ng3 {[%clk 1:30:30]} Nb6 {[%clk
1:30:30]} 17. Be2 {[%clk 1:30:30]} Bd7 {[%clk 1:30:30]} 18. Rfc1 {[%clk 1:30:30]}
Rfc8 {[%clk 1:30:30]} 19. Ra2 {[%clk 1:30:30]} Rc7 {[%clk 1:30:30]} 20. Bd3
{[%clk 1:30:30]} f6 {[%clk 1:30:30]} 21. h3 {[%clk 1:30:30]} Be8 {[%clk 1:30:30]}
22. Nf1 {[%clk 1:30:30]} Na4 {[%clk 1:30:30]} 23. Nh2 {[%clk 1:30:30]} e5 {[%clk
1:30:30]} 24. dxe5 {[%clk 1:30:30]} fxe5 {[%clk 1:30:30]} 25. Nf1 {[%clk
1:30:30]} e4 {[%clk 1:30:30]} 26. Be2 {[%clk 1:30:30]} Nc3 {[%clk 1:30:30]} 27.
Rb2 {[%clk 1:30:30]} Qf6 {[%clk 1:30:30]} 28. Rb3 {[%clk 1:30:30]} d4 {[%clk
1:30:30]} 29. Ng3 {[%clk 1:30:30]} Qe5 {[%clk 1:30:30]} 30. Bf1 {[%clk 1:30:30]}
Bf7 {[%clk 1:30:30]} 31. Rb2 {[%clk 1:30:30]} Bc4 {[%clk 1:30:30]} 32. Bxc4+
{[%clk 1:30:30]} bxc4 {[%clk 1:30:30]} 33. Ne2 {[%clk 1:30:30]} Rf8 {[%clk
1:30:30]} 34. Re1 {[%clk 1:30:30]} Rxf2 {[%clk 1:30:30]} 35. Kh1 {[%clk 1:30:30]}
Nxe2 {[%clk 1:30:30]} 0-1

[Event "Irena Warakomska Memorial B"]
[Site "Suwalki"]
[Date "2020.08.12"]
[Round "8"]
[White "Borowik, Monika"]
[Black "Zapalowska, Wiktoria"]
[Result "0-1"]
[Board "22"]
[WhiteElo "1348"]
[WhiteCountry "POL"]
[WhiteFideId "21845123"]
[WhiteEloChange "-13"]
[BlackElo "1250"]
[BlackCountry "POL"]
[BlackFideId "21895708"]
[BlackEloChange "13"]

1. d4 {[%clk 1:30:30]} d5 {[%clk 1:30:30]} 2. Nf3 {[%clk 1:30:30]} Nf6 {[%clk
1:30:30]} 3. c4 {[%clk 1:30:30]} dxc4 {[%clk 1:30:30]} 4. Nc3 {[%clk 1:30:30]} a6
{[%clk 1:30:30]} 5. a4 {[%clk 1:30:30]} Nc6 {[%clk 1:30:30]} 6. e3 {[%clk
1:30:30]} Na5 {[%clk 1:30:30]} 7. Nd2 {[%clk 1:30:30]} Bf5 {[%clk 1:30:30]} 8.
Nxc4 {[%clk 1:30:30]} Nxc4 {[%clk 1:30:30]} 9. Bxc4 {[%clk 1:30:30]} e6 {[%clk
1:30:30]} 10. O-O {[%clk 1:30:30]} Be7 {[%clk 1:30:30]} 11. Re1 {[%clk 1:30:30]}
c6 {[%clk 1:30:30]} 12. e4 {[%clk 1:30:30]} Bg6 {[%clk 1:30:30]} 13. f3 {[%clk
1:30:30]} O-O {[%clk 1:30:30]} 14. Be3 {[%clk 1:30:30]} Rc8 {[%clk 1:30:30]} 15.
Qb3 {[%clk 1:30:30]} b5 {[%clk 1:30:30]} 16. axb5 {[%clk 1:30:30]} axb5 {[%clk
1:30:30]} 17. Be2 {[%clk 1:30:30]} Qc7 {[%clk 1:30:30]} 18. Rac1 {[%clk 1:30:30]}
Rfd8 {[%clk 1:30:30]} 19. Red1 {[%clk 1:30:30]} Qb7 {[%clk 1:30:30]} 20. Na4
{[%clk 1:30:30]} Qb8 {[%clk 1:30:30]} 21. Nc5 {[%clk 1:30:30]} Nd7 {[%clk
1:30:30]} 22. Ra1 {[%clk 1:30:30]} Nxc5 {[%clk 1:30:30]} 23. dxc5 {[%clk
1:30:30]} Qe5 {[%clk 1:30:30]} 24. Qc2 {[%clk 1:30:30]} Bf6 {[%clk 1:30:30]} 25.
b3 {[%clk 1:30:30]} Rxd1+ {[%clk 1:30:30]} 26. Rxd1 {[%clk 1:30:30]} Qc3 {[%clk
1:30:30]} 27. Qxc3 {[%clk 1:30:30]} Bxc3 {[%clk 1:30:30]} 28. Rc1 {[%clk
1:30:30]} Bb4 {[%clk 1:30:30]} 29. Rd1 {[%clk 1:30:30]} Kf8 {[%clk 1:30:30]} 30.
Kf2 {[%clk 1:30:30]} Ke7 {[%clk 1:30:30]} 31. g4 {[%clk 1:30:30]} f6 {[%clk
1:30:30]} 32. h4 {[%clk 1:30:30]} h5 {[%clk 1:30:30]} 33. g5 {[%clk 1:30:30]} e5
{[%clk 1:30:30]} 34. Rd6 {[%clk 1:30:30]} Bf7 {[%clk 1:30:30]} 35. Bd1 {[%clk
1:30:30]} Rd8 {[%clk 1:30:30]} 36. gxf6+ {[%clk 1:30:30]} gxf6 {[%clk 1:30:30]}
37. Rxd8 {[%clk 1:30:30]} Kxd8 {[%clk 1:30:30]} 38. Kg3 {[%clk 1:30:30]} Ke7
{[%clk 1:30:30]} 39. f4 {[%clk 1:30:30]} Be1+ {[%clk 1:30:30]} 40. Kh3 {[%clk
1:30:30]} exf4 {[%clk 1:30:30]} 41. Bxf4 {[%clk 1:30:30]} Be6+ {[%clk 1:30:30]}
42. Kg2 {[%clk 1:30:30]} Bxh4 {[%clk 1:30:30]} 43. Bd6+ {[%clk 1:30:30]} Kd7
{[%clk 1:30:30]} 44. Bxh5 {[%clk 1:30:30]} Bxb3 {[%clk 1:30:30]} 45. Bg4+ {[%clk
1:30:30]} Be6 {[%clk 1:30:30]} 46. Kh3 {[%clk 1:30:30]} Bxg4+ {[%clk 1:30:30]}
47. Kxg4 {[%clk 1:30:30]} Be1 {[%clk 1:30:30]} 48. Kf3 {[%clk 1:30:30]} Bc3
{[%clk 1:30:30]} 49. Ke3 {[%clk 1:30:30]} Ke6 {[%clk 1:30:30]} 50. Kd3 {[%clk
1:30:30]} Ba1 {[%clk 1:30:30]} 51. Ke3 {[%clk 1:30:30]} f5 {[%clk 1:30:30]} 52.
Kf4 {[%clk 1:30:30]} fxe4 {[%clk 1:30:30]} 53. Kxe4 {[%clk 1:30:30]} Bg7 {[%clk
1:30:30]} 54. Bf4 {[%clk 1:30:30]} b4 {[%clk 1:30:30]} 55. Kd3 {[%clk 1:30:30]}
Kd5 {[%clk 1:30:30]} 56. Be3 {[%clk 1:30:30]} Bf8 {[%clk 1:30:30]} 57. Bc1 {[%clk
1:30:30]} Bxc5 {[%clk 1:30:30]} 58. Bb2 {[%clk 1:30:30]} Bd6 {[%clk 1:30:30]} 59.
Bd4 {[%clk 1:30:30]} Be5 {[%clk 1:30:30]} 60. Bxe5 {[%clk 1:30:30]} Kxe5 {[%clk
1:30:30]} 61. Kc4 {[%clk 1:30:30]} c5 {[%clk 1:30:30]} 62. Kb3 {[%clk 1:30:30]}
Kd4 {[%clk 1:30:30]} 63. Kb2 {[%clk 1:30:30]} c4 {[%clk 1:30:30]} 64. Kc2 {[%clk
1:30:30]} b3+ {[%clk 1:30:30]} 65. Kb1 {[%clk 1:30:30]} Kd3 {[%clk 1:30:30]} 66.
Kc1 {[%clk 1:30:30]} Kc3 {[%clk 1:30:30]} 67. Kb1 {[%clk 1:30:30]} Kd2 {[%clk
1:30:30]} 68. Ka1 {[%clk 1:30:30]} b2+ {[%clk 1:30:30]} 69. Kxb2 {[%clk 1:30:30]}
c3+ {[%clk 1:30:30]} 70. Kb1 {[%clk 1:30:30]} c2+ {[%clk 1:30:30]} 71. Kb2 {[%clk
1:30:30]} c1=Q+ {[%clk 1:30:30]} 72. Kb3 {[%clk 1:30:30]} Qc5 {[%clk 1:30:30]}
73. Ka4 {[%clk 1:30:30]} Qb6 {[%clk 1:30:30]} 74. Ka3 {[%clk 1:30:30]} Kc3 {[%clk
1:30:30]} 75. Ka2 {[%clk 1:30:30]} Qb2# {[%clk 1:30:30]} 0-1

[Event "Irena Warakomska Memorial B"]
[Site "Suwalki"]
[Date "2020.08.12"]
[Round "8"]
[White "Dietrich, Pawel"]
[Black "Szewczyk, Malwina"]
[Result "0-1"]
[Board "23"]
[WhiteElo "1184"]
[WhiteCountry "POL"]
[WhiteFideId "21023182"]
[WhiteEloChange "-6"]
[BlackElo "1323"]
[BlackCountry "POL"]
[BlackFideId "21801649"]
[BlackEloChange "6"]

1. e4 {[%clk 1:30:30]} c5 {[%clk 1:30:30]} 2. Nf3 {[%clk 1:30:30]} Nc6 {[%clk
1:30:30]} 3. d4 {[%clk 1:30:30]} cxd4 {[%clk 1:30:30]} 4. Nxd4 {[%clk 1:30:30]}
g6 {[%clk 1:30:30]} 5. Nc3 {[%clk 1:30:30]} Bg7 {[%clk 1:30:30]} 6. Be3 {[%clk
1:30:30]} Nf6 {[%clk 1:30:30]} 7. Bc4 {[%clk 1:30:30]} Qa5 {[%clk 1:30:30]} 8.
O-O {[%clk 1:30:30]} O-O {[%clk 1:30:30]} 9. h3 {[%clk 1:30:30]} Rd8 {[%clk
1:30:30]} 10. f4 {[%clk 1:30:30]} d6 {[%clk 1:30:30]} 11. f5 {[%clk 1:30:30]} Qb4
{[%clk 1:30:30]} 12. Nxc6 {[%clk 1:30:30]} bxc6 {[%clk 1:30:30]} 13. Bb3 {[%clk
1:30:30]} Ba6 {[%clk 1:30:30]} 14. Rf4 {[%clk 1:30:30]} Bh6 {[%clk 1:30:30]} 15.
Rf3 {[%clk 1:30:30]} Bxe3+ {[%clk 1:30:30]} 16. Rxe3 {[%clk 1:30:30]} d5 {[%clk
1:30:30]} 17. exd5 {[%clk 1:30:30]} cxd5 {[%clk 1:30:30]} 18. Rg3 {[%clk
1:30:30]} Ne4 {[%clk 1:30:30]} 19. Nxe4 {[%clk 1:30:30]} Qxe4 {[%clk 1:30:30]}
20. Qf3 {[%clk 1:30:30]} Qxf3 {[%clk 1:30:30]} 21. gxf3 {[%clk 1:30:30]} Kg7
{[%clk 1:30:30]} 22. Re1 {[%clk 1:30:30]} Rd7 {[%clk 1:30:30]} 23. Re5 {[%clk
1:30:30]} Rad8 {[%clk 1:30:30]} 24. f4 {[%clk 1:30:30]} d4 {[%clk 1:30:30]} 25.
fxg6 {[%clk 1:30:30]} hxg6 {[%clk 1:30:30]} 26. f5 {[%clk 1:30:30]} d3 {[%clk
1:30:30]} 27. cxd3 {[%clk 1:30:30]} Bxd3 {[%clk 1:30:30]} 28. fxg6 {[%clk
1:30:30]} Bxg6 {[%clk 1:30:30]} 29. h4 {[%clk 1:30:30]} Kh6 {[%clk 1:30:30]} 30.
h5 {[%clk 1:30:30]} Bxh5 {[%clk 1:30:30]} 31. Rh3 {[%clk 1:30:30]} Rg8+ {[%clk
1:30:30]} 32. Kf2 {[%clk 1:30:30]} Rg5 {[%clk 1:30:30]} 33. Re4 {[%clk 1:30:30]}
Kg6 {[%clk 1:30:30]} 34. Reh4 {[%clk 1:30:30]} e6 {[%clk 1:30:30]} 35. Ke3 {[%clk
1:30:30]} Re5+ {[%clk 1:30:30]} 36. Kf4 {[%clk 1:30:30]} f6 {[%clk 1:30:30]} 37.
Bc2+ {[%clk 1:30:30]} Kh6 {[%clk 1:30:30]} 38. Be4 {[%clk 1:30:30]} Rd2 {[%clk
1:30:30]} 39. Bf3 {[%clk 1:30:30]} Rd4+ {[%clk 1:30:30]} 40. Kg3 {[%clk 1:30:30]}
Rxh4 {[%clk 1:30:30]} 41. Rxh4 {[%clk 1:30:30]} Kg6 {[%clk 1:30:30]} 42. Rxh5
{[%clk 1:30:30]} Rxh5 {[%clk 1:30:30]} 43. Bxh5+ {[%clk 1:30:30]} Kxh5 {[%clk
1:30:30]} 44. b4 {[%clk 1:30:30]} Kg5 {[%clk 1:30:30]} 45. a4 {[%clk 1:30:30]}
Kf5 {[%clk 1:30:30]} 46. b5 {[%clk 1:30:30]} Ke5 {[%clk 1:30:30]} 47. a5 {[%clk
1:30:30]} Kd6 {[%clk 1:30:30]} 48. b6 {[%clk 1:30:30]} axb6 {[%clk 1:30:30]} 49.
a6 {[%clk 1:30:30]} Kc7 {[%clk 1:30:30]} 0-1

[Event "Irena Warakomska Memorial B"]
[Site "Suwalki"]
[Date "2020.08.12"]
[Round "8"]
[White "Krzastek, Adrian"]
[Black "Wysocka, Edyta"]
[Result "0-1"]
[Board "24"]
[WhiteElo "1128"]
[WhiteCountry "POL"]
[WhiteFideId "21030111"]
[WhiteEloChange "-5"]
[BlackElo "1318"]
[BlackCountry "POL"]
[BlackFideId "21836663"]
[BlackEloChange "5"]

1. e4 {[%clk 1:30:30]} e5 {[%clk 1:30:30]} 2. Nf3 {[%clk 1:30:30]} Nc6 {[%clk
1:30:30]} 3. Bb5 {[%clk 1:30:30]} a6 {[%clk 1:30:30]} 4. Ba4 {[%clk 1:30:30]} d6
{[%clk 1:30:30]} 5. O-O {[%clk 1:30:30]} Nf6 {[%clk 1:30:30]} 6. d3 {[%clk
1:30:30]} h6 {[%clk 1:30:30]} 7. c3 {[%clk 1:30:30]} b5 {[%clk 1:30:30]} 8. Bc2
{[%clk 1:30:30]} Na5 {[%clk 1:30:30]} 9. d4 {[%clk 1:30:30]} exd4 {[%clk
1:30:30]} 10. cxd4 {[%clk 1:30:30]} Be7 {[%clk 1:30:30]} 11. b3 {[%clk 1:30:30]}
O-O {[%clk 1:30:30]} 12. Bb2 {[%clk 1:30:30]} c5 {[%clk 1:30:30]} 13. Nc3 {[%clk
1:30:30]} Bg4 {[%clk 1:30:30]} 14. dxc5 {[%clk 1:30:30]} dxc5 {[%clk 1:30:30]}
15. h3 {[%clk 1:30:30]} Qxd1 {[%clk 1:30:30]} 16. Bxd1 {[%clk 1:30:30]} Be6
{[%clk 1:30:30]} 17. Bc2 {[%clk 1:30:30]} Rfd8 {[%clk 1:30:30]} 18. Rad1 {[%clk
1:30:30]} Nc6 {[%clk 1:30:30]} 19. Rxd8+ {[%clk 1:30:30]} Rxd8 {[%clk 1:30:30]}
20. Rd1 {[%clk 1:30:30]} Rxd1+ {[%clk 1:30:30]} 21. Nxd1 {[%clk 1:30:30]} c4
{[%clk 1:30:30]} 22. Nd4 {[%clk 1:30:30]} Nxd4 {[%clk 1:30:30]} 23. Bxd4 {[%clk
1:30:30]} cxb3 {[%clk 1:30:30]} 24. axb3 {[%clk 1:30:30]} Nd7 {[%clk 1:30:30]}
25. Kf1 {[%clk 1:30:30]} a5 {[%clk 1:30:30]} 26. Nc3 {[%clk 1:30:30]} b4 {[%clk
1:30:30]} 27. Nd5 {[%clk 1:30:30]} Bd6 {[%clk 1:30:30]} 28. Nb6 {[%clk 1:30:30]}
Nc5 {[%clk 1:30:30]} 29. Nc4 {[%clk 1:30:30]} Bxc4+ {[%clk 1:30:30]} 30. bxc4
{[%clk 1:30:30]} b3 {[%clk 1:30:30]} 31. Bd1 {[%clk 1:30:30]} a4 {[%clk 1:30:30]}
32. e5 {[%clk 1:30:30]} Be7 {[%clk 1:30:30]} 33. Ke2 {[%clk 1:30:30]} Kf8 {[%clk
1:30:30]} 34. Kd2 {[%clk 1:30:30]} Ke8 {[%clk 1:30:30]} 35. Kc1 {[%clk 1:30:30]}
Na6 {[%clk 1:30:30]} 36. e6 {[%clk 1:30:30]} fxe6 {[%clk 1:30:30]} 37. Bxg7
{[%clk 1:30:30]} 0-1